000 00534nam a2200181 i 4500
001 50542
003 ES-MaACL
005 20230906162211.0
007 t|
008 030805s1909 fr ||||1| fre d
100 1 _aCumont, Franz.
_942163
245 1 4 _aLes religions orientales dans le paganisme
_b: conferences /
_cFranz Cumont.
250 _a10eme ed.
260 _aParis :
_bErnest Leroux,
_c1909.
300 _aXXV, 2027 p. ;
_c18 cm.
650 4 _aReligión romana-
_xInfluencia oriental.
_9163696
852 _aES-MaACL
_jD-1310
999 _c50542
_d50542